000 01500cam a22003374a 4500
001 13045225
003 OSt
005 20240611093116.0
008 030102s2003 enka b 001 0 eng
010 _a 2003041210
020 _a0521531047 (pbk.)
040 _aDLC
_cMUST
_dDLC
042 _apcc
082 0 0 _a511.3
_bBAK 2003
100 1 _aBanks, John,
_d1957-
_917008
245 1 0 _aChaos :
_ba mathematical introduction /
_cJohn Banks, Valentina Dragan, Arthur Jones.
260 _aCambridge ;
_aNew York :
_bCambridge University Press,
_c2003.
300 _axi, 294 p. :
_bill. ;
_c23 cm.
440 0 _aAustralian Mathematical Society lecture series ;
_v18
_917009
504 _aIncludes bibliographical references and index.
650 0 _aDifferentiable dynamical systems.
_93007
650 0 _aChaotic behavior in systems
_xMathematics.
_917010
700 1 _aDragan, Valentina,
_d1966-
_917011
700 1 _aJones, Arthur,
_d1934-
_917012
856 4 1 _3Sample text
_uhttp://www.loc.gov/catdir/samples/cam034/2003041210.html
856 4 1 _3Table of contents
_uhttp://www.loc.gov/catdir/toc/cam031/2003041210.html
856 4 2 _3Publisher description
_uhttp://www.loc.gov/catdir/description/cam031/2003041210.html
906 _a7
_bcbc
_corignew
_d1
_eocip
_f20
_gy-gencatlg
942 _2ddc
_cO_SHELF
999 _c8361
_d8361